000 00415cam a2200181ua 4500
020 _c2.50
041 _ahin
_h
082 _a891.54
_bPRE/RA
100 _aPremchand, .
245 _aRam-charcha /
_cPremchand.
_hTextual Documents
250 _a7 /
_b.
260 _aIlahabad :
_bHans Prakashan ,
_c1964.
300 _a178 ; .
365 _a2.50
504 _a
942 _cBK
999 _c6398
_d6398